000 00681cam a22002411 4500
001 sa 67001107
003 DLC
005 20260227112319.0
008 891226s1966 ii 000 0 hino
010 _asa 67001107
035 _a(OCoLC)20820151
040 _aDLC
_cWaU
_dNRU
_dDLC
042 _apremarc
043 _aa-ii---
050 0 0 _aPK2042
_b.S478
100 1 _aSingh, Namwar,
_d1927-
245 1 0 _aKahānī: nayī kahānī.
_c[Lekhaka] Nāmavara Siṃha.
250 _a[1. saṃskaraṇa]
260 _aIlāhābāda,
_bLokabhāratī Prakāśana
_c[1966]
300 _a239 p.
_c18 cm.
500 _aIn Hindi.
650 0 _aShort stories, Hindi
_xHistory and criticism.
999 _c72387
_d72387